000 00451nam a2200181Ia 4500
001 20780
005 20260306172830.0
008 260306t2013||||xx |||||||||||||| ||spa||
041 _aESP
082 _a343.8
_bB25
100 _aBarrachina Juan, Eduardo
_eAUT
245 0 _aResponsabilidad tributaria de los administradores
260 _c2013
300 _a343 páginas :
_c24 cm.
650 _aGEN
654 _aCDE
942 _cLIB
_dJUS
_fJUS
_2ddc
_n
999 _c20780
_d20780